[Event "New Delhi Skillcraft U1800 op 1st"]
[Site "New Delhi"]
[Date "2025.01.12"]
[Round "8"]
[White "Naren, Gupta"]
[Black "Pushpendra"]
[Result "1/2-1/2"]
[WhiteElo "1700"]
[BlackElo "1754"]
[PlyCount "115"]
[EventDate "2025.01.10"]
[EventType "swiss"]
[EventRounds "9"]
[EventCountry "IND"]
[SourceTitle "CB12_2025"]
[SourceDate "2025.03.19"]
[SourceVersion "1"]
[SourceVersionDate "2025.03.19"]
[SourceQuality "1"]

1. c4 e5 2. Nc3 c5 3. g3 g6 4. Bg2 Bg7 5. d3 Nc6 6. e3 Nge7 7. Nge2 a6 8. 0-0 Rb8 9. a4 d6 10. h3 0-0 11. Rb1 Be6 12. e4 f5 13. Bg5 h6 14. Bxe7 Nxe7 15. exf5 gxf5 16. Re1 d5 17. Nf4 exf4 18. Rxe6 fxg3 19. fxg3 dxc4 20. dxc4 Nc6 21. Qxd8 Rfxd8 22. Bd5 Kh8 23. Ne2 Nd4 24. Nxd4 cxd4 25. a5 Rd7 26. Kf2 Rf8 27. Kf3 Bf6 28. Ke2 Kg7 29. Kd3 Rff7 30. Re8 Rfe7 31. Re1 Rxe1 32. Rxe1 Be7 33. Be6 Bb4 34. Bxd7 Bxe1 35. Kxd4 Bxa5 36. Bxf5 Be1 37. c5 b6 38. cxb6 Bf2+ 39. Kd5 Bxb6 40. b4 Bf2 41. g4 Be1 42. Kc5 h5 43. g5 h4 44. Bd3 Bd2 45. g6 Be1 46. Bc2 Bd2 47. Bd3 Be1 48. Bxa6 Bxb4+ 49. Kxb4 Kxg6 50. Kc4 Kg7 51. Kd4 Kh8 52. Ke4 Kh7 53. Kf4 Kh8 54. Kg5 Kg7 55. Kxh4 Kh8 56. Kg5 Kg7 57. h4 Kh8 58. h5 1/2-1/2